تحميل...

Indian thadavarayil anchu varshangal (m)

التفاصيل البيبلوغرافية
المؤلف الرئيسي: Mary Tyler
التنسيق: Printed Book
منشور في: Kottayam Current Books 1988
الموضوعات:
LEADER 00435nam a2200157 4500
082
100 |a Mary Tyler 
245 |a Indian thadavarayil anchu varshangal (m) 
250
260 |a Kottayam  |b Current Books  |c 1988 
300 |a 248 p 
490
650 |a Biography-Indian politicians-- Political science 
942 |c BK 
999 |c 225413  |d 225413 
952 |0 0  |1 0  |4 0  |7 0  |9 239546  |a SDE  |b SDE  |d 2019-12-12  |l 0  |p SDE4731  |r 2019-12-12  |w 2019-12-12  |y BK